Nation First: (Record no. 190393)
[ view plain ]
| 000 -LEADER | |
|---|---|
| fixed length control field | 00637nam a22001817a 4500 |
| 005 - DATE AND TIME OF LATEST TRANSACTION | |
| control field | 20220722164905.0 |
| 010 ## - LCCN (DPL NO) | |
| LC control number | ENG-133900 |
| 020 ## - INTERNATIONAL STANDARD BOOK NUMBER | |
| International Standard Book Number | 9788173055263 |
| Terms of availability | 695.00 |
| 035 ## - SYSTEM CONTROL NUMBER | |
| System control number | EN-117432 |
| 037 ## - SOURCE OF ACQUISITION | |
| Source of stock number/acquisition | DBAD/PUB |
| 082 ## - DEWEY DECIMAL CLASSIFICATION NUMBER | |
| Classification number | 303.60954 |
| 100 ## - MAIN ENTRY--PERSONAL NAME | |
| Personal name | Chakrabarti, Dilip K. |
| 245 ## - TITLE STATEMENT | |
| Title | Nation First: |
| Remainder of title | Essays in the politics of Ancient Indian studies/ |
| Statement of responsibility, etc | Dilip k. Chakrabarti |
| 260 ## - PUBLICATION, DISTRIBUTION, ETC. (IMPRINT) | |
| Place of publication, distribution, etc | New Delhi |
| Name of publisher, distributor, etc | Aryan books international |
| Date of publication, distribution, etc | 2014 |
| 270 ## - ADDRESS | |
| Address | Pooja apartment, 4B, ansari road |
| City | New Delhi |
| Postal code | 110002 |
| Telephone number | 23287589 |
| Electronic mail address | aryanbooks@gmail.com |
| 300 ## - PHYSICAL DESCRIPTION | |
| Extent | xviii,312p. |
| Dimensions | 22cm(hbk) |
| Other physical details | Index |
| 942 ## - ADDED ENTRY ELEMENTS (KOHA) | |
| Source of classification or shelving scheme | Dewey Decimal Classification |
| Item type | English Books |
| Classification part | 930.1072054 |
| Call number suffix | CHA |
| Withdrawn status | Lost status | Not for loan | Collection code | Home library | Current library | Date acquired | Source of acquisition | Cost, normal purchase price | Full call number | Barcode | Copy number | Cost, replacement price | Koha item type |
|---|---|---|---|---|---|---|---|---|---|---|---|---|---|
| Non-fiction | Bawana | Bawana | 22/07/2022 | DBAD/PUB | 695.00 | 930.1072054 CHA | EN-117432 | 1 | 695.00 | English Books |
